00277pab a2200097 454500008003600000100001900036245007500055300001000130650002600140773001300166180718b xxu||||| |||| 00| 0 eng d aLorenz, Detlef aNew situations facing the newly industrialising countries in East Asia a33-44 aIndustry - Asia, East aEconomic